000 00882cam a2200277 i 4500
001 15672
003 DO-SdUEMH
005 20260119202107.0
007 ta
008 211105s2010 dr a|||gr|||| 000 0 spa|d
040 _aDO-SdUEMH
_bspa
_erda
041 _aspa
082 1 4 _mRD
_aRD 321.8097293 M848C
_bM847c
084 _b11-00007
100 _aMorgan, Jana
_eautr
245 1 0 _aCultura política de la democracia en República Dominicana, 2010 :
_bconsolidación democrática en las américas en tiempos difíciles /
_cJana Morgan, Rosario Espinal
260 _c2010
264 0 1 _aSanto Domingo :
_bUSAID
_c2010
300 _axxxv, 310 paginas :
_bilustraciones ;
_c28 cm.
336 _2rdacontent
_atexto
_btxt
337 _2rdamedia
_asin mediación
_bn
338 _2rdacarrier
_avolumen
_bnc
505 _aBibliografías en página 259
942 _2ddc
_cBK
_n0
999 _c15672
_d15672